00598nam a22002177a 4500003000200000005001700002008000200019010001300021020002200034035002300056037001600079040001500095082001700110100002100127245006000148260004500208270006100253300002500314650002000339650002100359020180807104145.00 aA-899298 a0195642562c00.00 aA-899298, A-899299 bCen Lib/Ret aDPLbENc0 a330.954bDAT aDatta, Bhabatosh aIndian planning at the crossroads /cby Bhabatosh Datta aNew DelhibOxford University Pressc1997 aYMCA Library Building, Jai Singh RoadbNew Delhie110001 aviii,251p.c21cm(Hb) aEconomic policy aEconomic history